Южнокорейские фильмы - Армагеддон - Statistics

General Stats
  • This quiz has been taken 19 times
  • The average score is 3 of 14
Answers on the Grid
Answers color-coded by a green-red scale on the quiz's grid according to % correct below.
Паразиты (2019)
Тихое место (2018)
Я видел дьявола (2010)
Вторжение динозавра (2006)
Там, где живут чудовища (2009)
Олдбой (2003)
Сочувствие госпоже месть (2005)
Пьяный ангел (1948)
Круто сваренные (1992)
Телохранитель (1992)
Чёрная Маска (1996)
Почтальонский блюз (1997)
Сквозь снег (2013)
Смерти вопреки (1990)
Разборки в стиле кунг-фу (2004)
Сочувствие господину Месть (2002)
Трудности перевода (2003)
Тихая семья (1998)
Человек из никоткуда (2010)
Олдбой (2013)
Всё везде и сразу (2022)
Воспоминания об убийстве (2003)
Служанка (2016)
Он был тихоней (2007)
Наёмный убийца (1989)
В паутине (2023)
Морской туман (2014)
Жажда (2009)
Телохранитель (1961)
Наёмный убийца (2024)
 
Answer Stats
Answer % Correct
Паразиты (2019)
88%
Олдбой (2003)
44%
Сочувствие господину Месть (2002)
25%
Воспоминания об убийстве (2003)
25%
Сочувствие госпоже месть (2005)
25%
Тихая семья (1998)
19%
Сквозь снег (2013)
19%
Вторжение динозавра (2006)
13%
Жажда (2009)
13%
Я видел дьявола (2010)
13%
Человек из никоткуда (2010)
13%
Служанка (2016)
13%
Морской туман (2014)
0%
В паутине (2023)
0%
No matching quizzes found
Score Distribution
Percent of People with Each Score
Percentile by Number Answered
Your Score History
You have not taken this quiz